LIBRARY ONLINE CATALOGUE

Introducing psychological research : (Record no. 10465)

MARC details
000 -LEADER
fixed length control field 00700nam a22002172 4500
001 - CONTROL NUMBER
control field 0000000054
005 - DATE AND TIME OF LATEST TRANSACTION
control field 20151217154324.0
008 - FIXED-LENGTH DATA ELEMENTS--GENERAL INFORMATION
fixed length control field 070109s xx 000 0 eng d
020 ## - INTERNATIONAL STANDARD BOOK NUMBER
Terms of availability KES 3,000
040 ## - CATALOGING SOURCE
Original cataloging agency KABU
Transcribing agency KABU
245 10 - TITLE STATEMENT
Title Introducing psychological research :
Remainder of title seventy studies that shape psychology /
Statement of responsibility, etc. edited by Philip Banyard and Andrew Grayson.
250 ## - EDITION STATEMENT
Edition statement 2nd ed.
260 ## - PUBLICATION, DISTRIBUTION, ETC. (IMPRINT)
Place of publication, distribution, etc. Basingstoke :
Name of publisher, distributor, etc. Palgrave,
Date of publication, distribution, etc. 2000.
300 ## - PHYSICAL DESCRIPTION
Extent xxvi, 531 p.
650 #0 - SUBJECT ADDED ENTRY--TOPICAL TERM
Topical term or geographic name as entry element Psychology
General subdivision Research.
-- 0000148032
700 1# - ADDED ENTRY--PERSONAL NAME
Personal name Banyard, Philip.
-- 0000148033
700 1# - ADDED ENTRY--PERSONAL NAME
Personal name Grayson, Andrew.
-- 0000148034
908 ## - PUT COMMAND PARAMETER (RLIN)
Put command parameter 070109
950 ## - LOCAL HOLDINGS (RLIN)
-- 1
Holdings
Withdrawn status Lost status Source of classification or shelving scheme Not for loan Home library Current library Date acquired Total Checkouts Full call number Barcode Date last seen Price effective from Koha item type
    Library of Congress Classification   Kabarak, Main Campus Kabarak, Main Campus 17/12/2015   BF76.5 .I58 2000 000529 02/08/2024 17/12/2015 General Collection